000 00346nam a2200145Ia 4500
003 OSt
005 20240208152911.0
008 170524s9999 xx 000 0 und d
020 _a8180544583
040 _ciimtu meerut
100 _aTRIPATHI- P.C.
245 0 _aHUMAN RESOURCE DEVELOPMENT
260 _bnew delhi : Sultan chand
942 _2ddc
_c02
999 _c8361
_d8361